000 01136nam2a2200277 4500
001 RU\NLR\bibl\1843846
005 20250616173211.0
010 _a978-5-91794-040-3
_9300
021 _aRU
_b2011-89346
_96387
035 _a(NLR Aleph) 001834290
090 _a2182658
_c2182658
100 _a20111206d2011 |||y0rusy50 ca
101 0 _arus
102 _aRU
105 _aa |||||||||
200 0 _aТ. 1
210 _d2011
_aБ. м.
215 _a418 с.
_cил.
320 _aБиблиогр.: с. 398-416 (225 назв.)
461 0 _1001RU\NLR\bibl\1868691
_12001#$aКомплексная оценка инновационной деятельности: теория, методология, практика$vТ. 1
_92499506
_aПавлова, С. Н. (канд. экон. наук)
_cЯкутск
_d2011
_fС.Н. Павлова
_nСфера
_tКомплексная оценка инновационной деятельности: теория, методология, практика
_vТ. 1
801 0 _aRU
_bNLR
_c20111206
_gRCR
801 1 _aRU
_bNLR
_c20111206
942 _cBOOK
980 _aNB
980 _aNBR